000 00321nam a22001217a 4500
008 160430b xxu||||| |||| 00| 0 eng d
020 _a9781578811991
020 _a9781578811991
041 _aeng
080 _a612.39
245 _aPresent knowledge in nutrition:
_cBarbara A. Bowman; Robert M. Russell;
942 _2udc
_cBK
999 _c1718
_d1718